| 000 | 01124cab a2200349 4500 | ||
|---|---|---|---|
| 001 | ABS50127 | ||
| 008 | 090401t1994 xxu||||| |||| 00| 0 eng d | ||
| 035 | _a(Sirsi) u74308 | ||
| 041 | _aeng | ||
| 100 | _aCraig, T. | ||
| 245 | 2 | _aA case study of land contamination by solvents, polychlorinated biphenyls and dioxins | |
| 260 | _c1994 | ||
| 350 | _a0 | ||
| 490 |
_aLand Contamination and Reclamation _v2(1) January 1994, 19-25(7) |
||
| 520 | _aAn explosion at a chemical plant at Carrbrook, Cheshire, left the site severely contaminated. This case study tells how the severity of the contamination was identified and the remedial measures taken. | ||
| 650 | _aBENZENE | ||
| 650 | _aCASE STUDIES | ||
| 650 | _aCHEMICAL INDUSTRY WASTES | ||
| 650 | _aCLEAN-UP | ||
| 650 | _aCONTAMINATED LAND | ||
| 650 |
_aContamination _96231 |
||
| 650 | _aCOSTS | ||
| 650 | _aHAZARDOUS SUBSTANCES | ||
| 650 | _aSITE REMEDIATION | ||
| 650 | _aSOLVENTS | ||
| 650 | _aTOXIC WASTE | ||
| 690 | _aENVIRONMENTAL AND LAND CONSULTANCY | ||
| 690 | _aLAND | ||
| 700 | _aGrzonka, R. | ||
| 942 | _n0 | ||
| 948 | _c04/03/1997 | ||
| 999 |
_c46905 _d46905 |
||